000 00456nam a2200169Ia 4500
005 20250508150202.0
008 008 250505s9999 xx 000 0 eng d
037 _aTextual
040 _aFEDL
_beng
_cFEDL
041 _aeng
_2eng
084 _a377.1, RAT
_qFEDL
245 0 _aRationalism in education and life
260 _aLondon, UK
_bWatts and Co
_c1946
300 _av,149p
942 _cTEXL
_h377.1, RAT
999 _c1322257
_d1322257